• 首页
  • 本馆介绍
  • 公告通知
  • 最新文献
  • 馆藏检索
  • 电子资源
  • 读者导购
  • 参考咨询
  • 我的图书馆
  • 登录
  • 详细信息显示
  • 放入我的书架
  • 预约/预借图书
  • 作者相关作品
  • 分类相关作品
  • 丛书相关作品
  • 出版社相关作品

书目信息

  • 表格格式
  • 工作单格式
  • 卡片格式
题名:
王国维文学美学论著集
    
 
作者: 王国维, 著 ;周锡山 评校
分册:  
出版信息: 上海   上海三联书店  2018
页数: 496页
开本: 21cm
丛书名:
单 册:
中图分类: I01-53
科图分类:
主题词: 文学美学--Wen Xue Mei Xue--文集
电子资源:
ISBN: 978-7-5426-6508-9
000 01023nam0 2200253 450
001 012001006499
005 20131101165537.0
010    @a978-7-5426-6508-9@dCNY45.00
099    @aCAL 012019004132
100    @a20190110d2018 ekmy0chiy50 ea
101 0  @achi
102    @aCN@b310000
105    @ay z 000yy
106    @ar
200 1  @a王国维文学美学论著集@AWang Guo Wei Wen Xue Mei Xue Lun Zhu Ji@f王国维著@g周锡山评校
210    @a上海@c上海三联书店@d2018
215    @a496页@d21cm
330    @a本书收录了王国维在文学美学创作方面的论文、序跋、杂著、专著、诗词创作汇编等约30万字,是研究王国维学术成果和研究中国文学美学的佳作。该版本是周锡山在二十年前出版《王国维在文学美学论著集》的基础上重新校订,注释和解析更精当,有助于读者更好地领会国学大师王国维在文学美学方面的思想成果。
606 0  @a文学美学@AWen Xue Mei Xue@j文集
690    @aI01-53@v4
701  0 @a王国维,@AWang Guo Wei@f1877-1927@4著
702  0 @a周锡山@AZhou Xi Shan@4评校
801  0 @aCN@b上海新华@c20191020
905    @b1131727-30@dI01-53@e451@f4
    
    王国维文学美学论著集/王国维著/周锡山评校.-上海:上海三联书店,2018
    496页;21cm
    
    
    ISBN 978-7-5426-6508-9:CNY45.00
    本书收录了王国维在文学美学创作方面的论文、序跋、杂著、专著、诗词创作汇编等约30万字,是研究王国维学术成果和研究中国文学美学的佳作。该版本是周锡山在二十年前出版《王国维在文学美学论著集》的基础上重新校订,注释和解析更精当,有助于读者更好地领会国学大师王国维在文学美学方面的思想成果。
●
相关链接 在E读中查询图书 在五车中查询图书 在当当中查询图书 在豆瓣中查询图书


正题名:王国维文学美学论著集     索取号:I01-53/451         预约/预借

序号 登录号 条形码 馆藏地/架位号 状态 备注
1 1131727   211317270   第一样本阅览室/ [索取号:I01-53/451] 在馆    
2 1131728   211317289   第二借阅区/ [索取号:I01-53/451] 在馆    
3 1131729   211317298   第二借阅区/ [索取号:I01-53/451] 在馆    
4 1131730   211317305   第二借阅区/ [索取号:I01-53/451] 在馆    
唐山师范学院图书馆 欢迎您!
大连网信软件有限公司© 版权所有